000 00639nam a22002537a 4500
001 BR0500040
003 BR-BrBNA
005 20230928101814.0
007 ta
008 230509b bl.||||| |||| 00| 0 por d
040 _aBR-BrBNA
_bpor
_cBiblioteca Nacional de Agricultura
041 _a(Por)
072 _aE40; C30
090 _ E40 BR0500040
100 1 _aTelles, R.
245 1 _aDicionário do líder cooperativista
260 3 _aBrasília, DF (Brasil):
_c2002.
300 _a113 p.
650 _aCOOPERATIVISMO
650 _aDOCUMENTAÇÃO
650 _aLIDERANÇA
909 _a202309
_bLucia
_c55
_dLucia Elande
942 _cBK
999 _c67671
_d67671